000
00261nam a2200109 a 4500
005
20140414093828.0
008
030502s19uu xx 00 eng d
050
_a
VHS 500
_b
R 09
245
_a
Discovery channel :
_b
giant leap.
942
_c
AVM
999
_c
108541
_d
108541